00227nam a2200085 4500082001200000245005700012260005000069300000700119650001500126 a540 COO aCooperation in Chemistry for the Development of Asia aU.S.A.bFederation of ASian Chemical Soc1984 a91 a Chemistry